000 00680nam a22001337a 4500
040 _cRUA
082 _aAGR ROE 2012 B041 Or.1
100 _aROEM, SOMVICHEA.
245 _aRelease of nitrogen from feace andurine of cattle fed from different diets under net house condition ការបញ្ចេញអាសូតពីលាមក និងទឹកនោមគោបានពីចំណីផ្សេងៗគ្នាក្រោមលក្ខខណ្ឌផ្ទះសំណាញ់
260 _aPhnom Penh
_bRUA
_c2012
300 _aviii; 40p.
_bill.
_c29cm.
856 _uhttps://drive.google.com/file/d/1xi2NNKHrNhGWenAEjZoI1U1zS9MbN-g7/view?usp=sharing
942 _cAGR
999 _c1174
_d1174